000 00212nam a22000977a 4500
999 _c16205
_d16205
003 OSt
008 200623b ||||| |||| 00| 0 eng d
100 _aCC Ouseph
_94625
245 _aPre-university maths
942 _cBK